| 000 | 00331nam a22001337a 4500 | ||
|---|---|---|---|
| 020 | _a9789380235431 | ||
| 082 |
_a664.02 _bPAR/FO |
||
| 100 | _aPare, Akash | ||
| 245 | _aFood process engineering and technology | ||
| 260 |
_aNew Delhi _bNew India Publishing Agency _c2011 |
||
| 300 | _a560p | ||
| 700 | _aMandhyan, B.L | ||
| 942 | _cBK | ||
| 999 |
_c13769 _d13769 |
||